[Event "Mondiale Lampo FIDE 2019"]
[Site "Mosca"]
[Date "30.12.2019"]
[Round "15.22"]
[White "Sychev, Klementy"]
[Black "Zhigalko, Sergei"]
[Result "1-0"]
[WhiteTitle "GM"]
[BlackTitle "GM"]
[WhiteElo "2563"]
[BlackElo "2571"]
[WhiteFideId "4114060"]
[BlackFideId "13502956"]
[EventDate "2019.12.29"]

1. e4 c5 2. Nf3 d6 3. d4 cxd4 4. Nxd4 Nf6 5. Nc3 a6 6. Bg5 Nbd7 7. Bc4 Qb6 8.
Bb3 e6 9. Qd2 Be7 10. O-O-O Nc5 11. Qe2 O-O 12. f4 Qc7 13. h4 b5 14. e5 Ne8 15.
Nf5 f6 16. Nxe7+ Qxe7 17. exf6 Nxf6 18. Nd5 Qd8 19. Nxf6+ gxf6 20. Bh6 Rf7 21.
Rh3 Kh8 22. Qh5 Rc7 23. Rxd6 Nxb3+ 1-0

[Event "Mondiale Lampo FIDE 2019"]
[Site "Mosca"]
[Date "30.12.2019"]
[Round "15.23"]
[White "Sargissian, Gabriel"]
[Black "Nozdrachev, Vladislav"]
[Result "1/2-1/2"]
[WhiteTitle "GM"]
[BlackTitle "IM"]
[WhiteElo "2689"]
[BlackElo "2494"]
[WhiteFideId "13300881"]
[BlackFideId "24113441"]
[EventDate "2019.12.29"]

1. d4 Nf6 2. Nf3 d5 3. c4 e6 4. g3 Be7 5. Bg2 O-O 6. O-O dxc4 7. Qc2 a6 8. a4 c5
9. dxc5 Bxc5 10. Qxc4 b6 11. Ne5 Ra7 12. Nd3 Be7 13. Bf4 Bb7 14. Bxb7 Rxb7 15.
Rc1 b5 16. axb5 axb5 17. Qb3 Nbd7 18. Nd2 Nd5 19. Nf3 Nxf4 20. Nxf4 Nc5 21. Qe3
Rc7 22. Ne5 Qc8 23. Nfd3 Nxd3 24. Nxd3 Bf6 25. Rxc7 Qxc7 26. Rc1 Qd7 27. Qb6 Ra8
28. Qc6 Qxc6 29. Rxc6 Rb8 30. Rc7 b4 31. Kg2 b3 32. f4 g6 33. Kf3 h5 34. h3 Kg7
35. g4 hxg4+ 36. hxg4 g5 37. fxg5 Bxg5 38. Ne5 Kg8 39. Nxf7 Bf6 40. Nh6+ Kh8 41.
Nf7+ Kg8 42. Nh6+ Kh8 43. Nf7+ Kg8 44. Nh6+ 1/2-1/2

[Event "Mondiale Lampo FIDE 2019"]
[Site "Mosca"]
[Date "30.12.2019"]
[Round "15.24"]
[White "Le, Quang Liem"]
[Black "Adhiban, Baskaran"]
[Result "1-0"]
[WhiteTitle "GM"]
[BlackTitle "GM"]
[WhiteElo "2713"]
[BlackElo "2654"]
[WhiteFideId "12401137"]
[BlackFideId "5018471"]
[EventDate "2019.12.29"]

1. e4 c5 2. Nf3 Nc6 3. Nc3 e5 4. Bc4 Be7 5. d3 d6 6. Nd2 Nf6 7. Nf1 Nd7 8. Nd5
Nb6 9. Nxb6 axb6 10. Ne3 b5 11. Bd5 Bg5 12. c3 O-O 13. O-O Ne7 14. Bb3 Kh8 15.
Qh5 f6 16. Nd5 g6 17. Qe2 Nxd5 18. Bxd5 f5 19. d4 f4 20. Qxb5 f3 21. g3 Bxc1 22.
Rfxc1 Ra5 23. Qd3 b6 24. dxe5 dxe5 25. Qe3 Kg7 26. b4 Qd7 27. Bc4 Ba6 28. Qd3
Qxd3 29. Bxd3 Ra3 30. Bxa6 Rxa6 31. a4 Rd8 32. h4 cxb4 33. cxb4 Rd4 34. Ra3 Ra7
35. b5 Rxe4 36. Rxf3 Rexa4 37. Rc6 e4 38. Rf4 Re7 39. Rxb6 Ra1+ 40. Kg2 Ra2 41.
Kh3 Rb2 42. Rb8 Re5 43. Rb7+ Kg8 44. Rff7 Rexb5 45. Rg7+ Kf8 46. Rbf7+ Ke8 47.
Ra7 Kf8 48. Rxh7 Kg8 49. Rhg7+ Kf8 50. Raf7+ Ke8 51. Rf4 Rf5 52. Rxe4+ Kf8 53.
Rxg6 Kf7 54. Rgg4 Rfxf2 55. Rgf4+ Kg6 56. Rxf2 Rxf2 57. Re5 Rb2 58. h5+ Kh6 59.
Kh4 Rb4+ 60. g4 Ra4 61. Re6+ Kg7 62. Rb6 Ra5 63. h6+ Kh7 64. g5 Ra1 65. Rb7+ Kg8
66. Kh5 Ra6 67. Rb5 Rc6 68. g6 Rc8 69. h7+ Kh8 70. Kh6 1-0

[Event "Mondiale Lampo FIDE 2019"]
[Site "Mosca"]
[Date "30.12.2019"]
[Round "15.25"]
[White "Zvjaginsev, Vadim"]
[Black "Andriasian, Zaven"]
[Result "1/2-1/2"]
[WhiteTitle "GM"]
[BlackTitle "GM"]
[WhiteElo "2627"]
[BlackElo "2611"]
[WhiteFideId "4113403"]
[BlackFideId "13302000"]
[EventDate "2019.12.29"]

1. e4 d6 2. d4 Nf6 3. Nc3 g6 4. Nf3 Bg7 5. Be2 O-O 6. O-O c6 7. Bf4 Bg4 8. h3
Bxf3 9. Bxf3 Nfd7 10. Be3 e6 11. Ne2 d5 12. c3 dxe4 13. Bxe4 Nf6 14. Bg5 Qa5 15.
Bxf6 Bxf6 16. Qb3 Qc7 17. g3 Nd7 18. Bg2 Rad8 19. Rad1 h5 20. h4 Nb6 21. Nf4 Rd6
22. Rfe1 Rfd8 23. Bf3 Nc8 24. Qc2 Ne7 25. Be4 Bg7 26. Kg2 Nd5 27. Nxd5 cxd5 28.
Bd3 a6 29. a4 Rb8 30. Qe2 Qc6 31. Ra1 b5 32. axb5 axb5 33. g4 hxg4 34. Qxg4 b4
35. Ra6 Qc7 36. Rxd6 Qxd6 37. h5 gxh5 38. Qxh5 bxc3 39. bxc3 Qf4 40. Re3 Qh6 41.
Qxh6 Bxh6 42. Rg3+ Kf8 43. c4 Rb4 44. cxd5 Rxd4 45. dxe6 fxe6 46. Be2 1/2-1/2

[Event "Mondiale Lampo FIDE 2019"]
[Site "Mosca"]
[Date "30.12.2019"]
[Round "15.26"]
[White "Vitiugov, Nikita"]
[Black "Abdusattorov, Nodirbek"]
[Result "1-0"]
[WhiteTitle "GM"]
[BlackTitle "GM"]
[WhiteElo "2747"]
[BlackElo "2635"]
[WhiteFideId "4152956"]
[BlackFideId "14204118"]
[EventDate "2019.12.29"]

1. c4 Nf6 2. Nc3 e5 3. Nf3 Nc6 4. d3 Bb4 5. Bd2 O-O 6. e3 Bxc3 7. Bxc3 e4 8. Nd4
Ne5 9. Nf5 d6 10. Ng3 exd3 11. Bxd3 Re8 12. O-O a5 13. h3 a4 14. Be2 Be6 15. b3
Bd7 16. Qd2 Bc6 17. Rad1 axb3 18. axb3 Qc8 19. f3 Ra3 20. Qb2 Qa8 21. Ra1 Rxa1
22. Rxa1 Qd8 23. e4 Nfd7 24. Qd2 Nc5 25. Rb1 b6 26. b4 Ncd7 27. Nf5 f6 28. Ra1
Nf8 29. Ne3 Ne6 30. Nd5 Ng6 31. Bf1 Qb8 32. Qa2 b5 33. Qa7 Qd8 34. cxb5 Bxd5 35.
exd5 Nef4 36. Re1 Rxe1 37. Bxe1 h5 38. Bf2 h4 39. b6 cxb6 40. Qxb6 Qe7 41. Qd4
Ne2+ 42. Bxe2 Qxe2 43. Qe4 Qd1+ 44. Kh2 Ne5 45. Bxh4 Qd2 46. Bg3 Nd3 47. b5 Nc5
48. Qe8+ Kh7 49. b6 Qxd5 50. Qe7 Nb7 51. Qe4+ Qxe4 52. fxe4 Kg6 53. Kg1 Kf7 54.
Kf2 Ke6 55. Ke3 Nc5 56. Kd4 Nb7 57. Kc4 Nc5 58. Kb5 Kd7 59. e5 fxe5 60. Bxe5 g6
61. Bd4 Nb7 62. g4 d5 63. h4 Nd6+ 64. Kc5 Ke6 1-0

[Event "Mondiale Lampo FIDE 2019"]
[Site "Mosca"]
[Date "30.12.2019"]
[Round "15.27"]
[White "Ponkratov, Pavel"]
[Black "Bluebaum, Matthias"]
[Result "1-0"]
[WhiteTitle "GM"]
[BlackTitle "GM"]
[WhiteElo "2632"]
[BlackElo "2644"]
[WhiteFideId "4157800"]
[BlackFideId "24651516"]
[EventDate "2019.12.29"]

1. c4 e5 2. Nc3 Bb4 3. Nd5 a5 4. a3 Bc5 5. e3 c6 6. Nc3 d6 7. Nf3 Nd7 8. d4 Ba7
9. c5 dxc5 10. dxe5 Qe7 11. Ne4 Nxe5 12. Nd6+ Kf8 13. Nxe5 Qxe5 14. Bc4 Nh6 15.
a4 Be6 16. f4 Qf6 17. e4 Bxc4 18. Nxc4 Rd8 19. Qe2 Bb8 20. O-O Bc7 21. Bd2 Qe6
22. f5 Qd7 23. Bc3 f6 24. e5 fxe5 25. Nxe5 Bxe5 26. Qxe5 Re8 27. Qxc5+ Qe7 28.
Qxe7+ Rxe7 29. f6 gxf6 30. Rxf6+ Nf7 31. Rxf7+ Kxf7 32. Bxh8 Re2 33. Bc3 Kg6 34.
Bxa5 Rxb2 35. Be1 h5 36. a5 c5 37. Rc1 Rb5 38. h4 Kf5 39. Rc2 Ke4 40. Re2+ Kd4
41. Re7 c4 42. Rd7+ Ke3 43. Rc7 Kd3 44. Kf2 Rf5+ 45. Kg3 Re5 46. Rd7+ Kc2 47.
Kf2 Rf5+ 48. Kg1 Re5 49. Bb4 Rb5 50. Bd2 c3 51. Be1 Re5 52. Kf1 Rf5+ 53. Kg1 Re5
54. Bg3 Rxa5 55. Rxb7 Kd3 56. Rd7+ Ke2 57. Rc7 Kd3 58. Bf4 c2 59. Kf2 Ra4 60.
Kf3 Ra1 61. g3 Rf1+ 62. Kg2 Rb1 63. Rc5 Ra1 64. Rd5+ Ke4 65. Re5+ Kd4 66. Rxh5
c1=Q 67. Bxc1 Rxc1 68. Rg5 Ke4 69. h5 Rc6 70. Kh3 Rb6 71. Kg4 Rc6 72. Rg6 Kd5 1-0

[Event "Mondiale Lampo FIDE 2019"]
[Site "Mosca"]
[Date "30.12.2019"]
[Round "15.28"]
[White "Esipenko, Andrey"]
[Black "Amin, Bassem"]
[Result "0-1"]
[WhiteTitle "GM"]
[BlackTitle "GM"]
[WhiteElo "2642"]
[BlackElo "2683"]
[WhiteFideId "24175439"]
[BlackFideId "10601457"]
[EventDate "2019.12.29"]

1. d4 f5 2. g3 Nf6 3. Bg2 e6 4. Nf3 Be7 5. O-O O-O 6. c4 d6 7. Nc3 Qe8 8. Bf4
Qh5 9. Rc1 c6 10. b4 Nbd7 11. b5 Nb6 12. bxc6 bxc6 13. c5 dxc5 14. dxc5 Nbd5 15.
Bd6 Bxd6 16. cxd6 f4 17. Nxd5 cxd5 18. gxf4 Ne4 19. e3 Nxd6 20. Ne5 Qe8 21. Rc6
Nf5 22. Qg4 Kh8 23. Rfc1 Bb7 24. Rc7 Rc8 25. Rxc8 Bxc8 26. Rc7 Ba6 27. e4 Qb8
28. Rc1 Qb2 29. Nd3 Bxd3 0-1

[Event "Mondiale Lampo FIDE 2019"]
[Site "Mosca"]
[Date "30.12.2019"]
[Round "15.29"]
[White "Wojtaszek, Radoslaw"]
[Black "Alekseenko, Kirill"]
[Result "1-0"]
[WhiteTitle "GM"]
[BlackTitle "GM"]
[WhiteElo "2725"]
[BlackElo "2704"]
[WhiteFideId "1118358"]
[BlackFideId "4135539"]
[EventDate "2019.12.29"]

1. d4 d5 2. c4 dxc4 3. e3 e5 4. Bxc4 Nc6 5. Qb3 Nh6 6. Nf3 Bb4+ 7. Nc3 O-O 8.
Nxe5 Nxe5 9. dxe5 Bxc3+ 10. Qxc3 Qh4 11. b3 Be6 12. Bb2 Ng4 13. g3 Qh5 14. h3
Nh6 15. Be2 Qf5 16. f3 Rad8 17. g4 Qg5 18. h4 Qe7 19. Kf2 Bd5 20. e4 Nxg4+ 21.
fxg4 Bxe4 22. Rh3 f5 23. exf6 Rxf6+ 24. Kg1 Kh8 25. Rf1 Rxf1+ 26. Bxf1 Rd1 27.
Re3 Qf7 28. Qxg7+ 1-0

[Event "Mondiale Lampo FIDE 2019"]
[Site "Mosca"]
[Date "30.12.2019"]
[Round "15.30"]
[White "Golubov, Saveliy"]
[Black "Vallejo Pons, Francisco"]
[Result "1-0"]
[WhiteTitle "IM"]
[BlackTitle "GM"]
[WhiteElo "2469"]
[BlackElo "2704"]
[WhiteFideId "24176729"]
[BlackFideId "2205530"]
[EventDate "2019.12.29"]

1. d4 e6 2. Nf3 d5 3. Bf4 Bd6 4. Bg3 Nf6 5. Nbd2 c5 6. e3 Qc7 7. dxc5 Qxc5 8. c3
b6 9. Bd3 Bb7 10. Qe2 Nbd7 11. e4 dxe4 12. Nxe4 Bxe4 13. Bxe4 Rd8 14. Rd1 Bxg3
15. hxg3 O-O 16. Bc2 g6 17. O-O Ng4 18. Qd2 Ndf6 19. Qg5 Rxd1 20. Bxd1 Qxg5 21.
Nxg5 Rd8 22. Nf3 Ne4 23. Bc2 Nc5 24. b4 Nb7 25. c4 Kf8 26. Bb3 Ke7 27. Rc1 Rc8
28. Kf1 Nd6 29. Nd2 Ne5 30. Ke2 Nf5 31. Rc3 a5 32. bxa5 bxa5 33. c5 Nd7 34. Ne4
Nd4+ 35. Ke3 Nxb3 36. Rxb3 f5 37. Nd2 Rxc5 38. a4 Nf6 39. Rb7+ Kd6 40. Kd3 Rd5+
41. Kc2 Kc6 42. Rf7 Ng4 43. Rxh7 Nxf2 44. Rg7 Kd6 45. Rxg6 Ng4 46. Nc4+ Ke7 47.
Rg7+ Kf6 48. Ra7 Rd4 49. Kc3 Re4 50. Rxa5 Re2 51. Ra8 Rxg2 52. a5 Rxg3+ 53. Kb4
Rg1 54. Na3 Rb1+ 1-0

[Event "Mondiale Lampo FIDE 2019"]
[Site "Mosca"]
[Date "30.12.2019"]
[Round "15.31"]
[White "Sanal, Vahap"]
[Black "Indjic, Aleksandar"]
[Result "0-1"]
[WhiteTitle "GM"]
[BlackTitle "GM"]
[WhiteElo "2549"]
[BlackElo "2619"]
[WhiteFideId "6300545"]
[BlackFideId "911925"]
[EventDate "2019.12.29"]

1. e4 d6 2. d4 g6 3. Nf3 Bg7 4. Bd3 Nc6 5. c3 e5 6. Be3 Bd7 7. O-O Nf6 8. Nbd2
O-O 9. Re1 a5 10. h3 a4 11. a3 Re8 12. Qc2 Na5 13. Rad1 Qe7 14. Qb1 b5 15. Bg5
c5 16. d5 Rab8 17. Nf1 h6 18. Bc1 Nb3 19. Be3 b4 20. cxb4 cxb4 21. Qc2 Rec8 22.
Qe2 Nc5 23. Bxc5 Rxc5 24. Rc1 Rxc1 25. Rxc1 Qd8 26. Ne3 Nh5 27. Qd2 bxa3 28.
bxa3 Rb3 29. Rc3 Qb6 30. Nc4 Qc5 31. Rxb3 axb3 32. Qb2 Nf4 33. Bf1 f5 34. Qxb3
fxe4 35. Nfd2 Qd4 36. a4 Nd3 37. Bxd3 exd3 38. Nb6 Bf5 39. Qa2 Qxb6 40. a5 Qa6
41. Nc4 e4 42. Qb3 Kh7 43. g4 Bd7 44. Qb4 Qb5 45. Qxd6 0-1

[Event "Mondiale Lampo FIDE 2019"]
[Site "Mosca"]
[Date "30.12.2019"]
[Round "15.32"]
[White "Castellanos Rodriguez, Renier"]
[Black "Grachev, Boris"]
[Result "1/2-1/2"]
[WhiteTitle "IM"]
[BlackTitle "GM"]
[WhiteElo "2474"]
[BlackElo "2614"]
[WhiteFideId "3404650"]
[BlackFideId "4129199"]
[EventDate "2019.12.29"]

1. e4 c5 2. Nf3 e6 3. d4 cxd4 4. Nxd4 Nf6 5. Nc3 Nc6 6. Ndb5 Bc5 7. Bf4 O-O 8.
Bc7 Qe7 9. Bd6 Bxd6 10. Qxd6 Qd8 11. O-O-O a6 12. Nd4 Na5 13. Nb3 Nxb3+ 14. axb3
b5 15. f3 Bb7 16. Be2 Bc6 17. Kb1 Qb8 18. b4 a5 19. Qxb8 Rfxb8 20. bxa5 b4 21.
Na2 Rxa5 22. b3 d5 23. Rd4 Rba8 24. Nxb4 Ra1+ 25. Kb2 Rxh1 26. Nxc6 Rxh2 27.
exd5 Nxd5 28. Bc4 Ne3 29. b4 Rxg2 30. Bb3 h5 31. b5 Nd5 32. Bxd5 exd5 33. b6 Ra6
34. Rb4 Rxb6 35. Rxb6 h4 36. Ne7+ Kh7 37. Nxd5 h3 38. Rb4 g5 39. Nf6+ Kg6 40.
Ng4 f5 41. Rb6+ Kg7 42. Ne3 f4 43. Nf5+ Kf7 44. Rh6 h2 45. Kc3 g4 46. fxg4 f3
47. Kd3 f2 48. Ne3 Rg3 49. Ke2 Rxe3+ 50. Kxf2 Rc3 51. Rxh2 Rxc2+ 52. Kg3 Rxh2
53. Kxh2 Kg6 54. Kg3 Kg5 1/2-1/2

[Event "Mondiale Lampo FIDE 2019"]
[Site "Mosca"]
[Date "30.12.2019"]
[Round "15.33"]
[White "Sethuraman, S.P."]
[Black "Savchenko, Boris"]
[Result "1/2-1/2"]
[WhiteTitle "GM"]
[BlackTitle "GM"]
[WhiteElo "2638"]
[BlackElo "2577"]
[WhiteFideId "5021596"]
[BlackFideId "4147332"]
[EventDate "2019.12.29"]

1. e4 c5 2. Nf3 Nc6 3. Bb5 e6 4. Bxc6 bxc6 5. d3 Ne7 6. h4 h5 7. e5 Ng6 8. Nbd2
f6 9. Nc4 Ba6 10. Qe2 Bxc4 11. dxc4 Qc7 12. exf6 gxf6 13. Bd2 Bg7 14. O-O-O f5
15. Rh3 Nf4 16. Bxf4 Qxf4+ 17. Qd2 Qxd2+ 18. Rxd2 Ke7 19. c3 Rhg8 20. Ng5 Be5
21. g3 f4 22. Re2 Bc7 23. Kc2 Raf8 24. Ne4 fxg3 25. fxg3 Rg4 26. Nxc5 Bxg3 27.
Nd3 Rfg8 28. Kb3 d6 29. c5 e5 30. cxd6+ Kxd6 31. Nf2 Bxf2 32. Rxf2 Rf4 33. Rd2+
Ke6 34. Rhd3 Kf5 35. Rd6 Rg6 36. Rxg6 Kxg6 37. Rd6+ Kf5 38. Rxc6 e4 39. Rc8 e3
40. Kc2 Kg4 41. Kd3 Rf2 42. Kxe3 Rxb2 43. Rc4+ Kg3 44. a4 a5 45. Rc5 Kxh4 46.
Rxa5 Kg4 47. Ra8 h4 48. a5 h3 49. Rg8+ Kf5 50. Kd4 Ra2 51. Rh8 h2 52. Kc4 Rxa5
53. Rxh2 Ke6 54. Rd2 Ra8 55. Kb4 Rb8+ 56. Kc4 Rc8+ 57. Kb3 Rb8+ 58. Kc2 Rc8 59.
Rd4 Ke5 60. Kd3 Ra8 61. Rd7 Ke6 62. Rd4 Ke5 63. Kc2 Rc8 64. Rd1 Ke6 65. Rd4 Ke5
66. Rd7 Ke6 67. Rd4 Ke5 68. Kb3 Rb8+ 69. Rb4 Rc8 70. Rb6 Kd5 71. Kb4 Rc4+ 72.
Kb3 Rc8 73. Rb5+ Kc6 74. c4 Rh8 75. Kb4 Rh1 76. Rc5+ Kb6 77. Rb5+ Kc6 78. Rg5
Rb1+ 79. Kc3 Rh1 80. Rg3 Kc5 81. Rg5+ Kc6 1/2-1/2

[Event "Mondiale Lampo FIDE 2019"]
[Site "Mosca"]
[Date "30.12.2019"]
[Round "15.34"]
[White "Alekseev, Evgeny"]
[Black "Rakhmanov, Aleksandr"]
[Result "1/2-1/2"]
[WhiteTitle "GM"]
[BlackTitle "GM"]
[WhiteElo "2620"]
[BlackElo "2645"]
[WhiteFideId "4138147"]
[BlackFideId "4173708"]
[EventDate "2019.12.29"]

1. c4 Nf6 2. Nc3 d6 3. g3 g6 4. Bg2 Bg7 5. e3 O-O 6. Nge2 c5 7. O-O Nc6 8. d3
Bd7 9. h3 a6 10. b3 Rb8 11. Bb2 b5 12. Qd2 Qa5 13. Rfd1 Rfc8 14. Kh2 e6 15. f4
h5 16. Bf3 e5 17. Bg2 Re8 18. Rf1 Ne7 19. fxe5 dxe5 20. e4 bxc4 21. dxc4 Rbd8
22. Qe3 Nc6 23. Rf2 Be6 24. Raf1 Nh7 25. Nd5 Rc8 26. Nec3 Nd4 27. h4 Qd8 28. Bh3
Rc6 29. Qe1 Qc8 30. Bxe6 fxe6 31. Ne3 Rc7 32. Ng2 Qd8 33. Qe3 Nf6 34. Kg1 Ng4
35. Qe1 Rf8 36. Rxf8+ Bxf8 37. Ne3 Bh6 38. Nxg4 hxg4 39. Kg2 Nf3 40. Qe2 Rd7 41.
Rd1 Bd2 42. Nb1 Ba5 43. Rxd7 Qxd7 44. Bc3 Bxc3 45. Nxc3 Qd4 46. Qd1 Qe3 47. Qd8+
Kg7 48. Qe7+ Kh8 49. Qf8+ Kh7 50. Qf7+ Kh8 51. Qf8+ 1/2-1/2

[Event "Mondiale Lampo FIDE 2019"]
[Site "Mosca"]
[Date "30.12.2019"]
[Round "15.35"]
[White "Christiansen, Johan-Sebastian"]
[Black "Petrosyan, Manuel"]
[Result "1-0"]
[WhiteTitle "GM"]
[BlackTitle "GM"]
[WhiteElo "2597"]
[BlackElo "2613"]
[WhiteFideId "1512668"]
[BlackFideId "13300857"]
[EventDate "2019.12.29"]

1. e4 c6 2. d4 d5 3. Nd2 dxe4 4. Nxe4 Bf5 5. Ng3 Bg6 6. h4 h6 7. Nh3 Nf6 8. Nf4
Bh7 9. Bc4 e5 10. dxe5 Qxd1+ 11. Kxd1 Ng4 12. Re1 Bc5 13. f3 Bf2 14. fxg4 Bxg3
15. Re2 O-O 16. e6 Rd8+ 17. Bd3 Bxd3 18. Nxd3 fxe6 19. Rxe6 Nd7 20. h5 Ne5 21.
Ke2 Re8 22. Rxe8+ Rxe8 23. Nxe5 Bxe5 24. Kf3 Rf8+ 25. Ke2 Bd4 26. Kd3 Bb6 27.
Bd2 Rf2 28. Re1 Rxg2 29. Re4 Kf7 30. a4 Bd8 31. a5 b5 32. Rd4 Be7 33. Rd7 Ke6
34. Rxa7 Rg3+ 35. Ke2 Rg2+ 36. Kd3 Rg3+ 37. Ke4 Rxg4+ 38. Kf3 Ra4 39. a6 Bc5 40.
Rxg7 Rxa6 41. Rg6+ Kf7 42. Bxh6 Bd4 43. c3 Bf6 44. Bg5 Bg7 45. Rd6 Be5 46. Rd7+
Ke6 47. Re7+ Kf5 48. Be3 Ra1 49. h6 Rh1 50. h7 Bf6 51. Rf7 Kg6 52. Rxf6+ Kxf6
53. Bd4+ Ke6 54. h8=Q Rxh8 55. Bxh8 Kd5 56. Ke2 Kc4 57. b4 c5 58. bxc5 Kxc5 59.
Kd3 b4 60. c4 b3 61. Bc3 Kc6 62. Kd4 Kb6 63. c5+ 1-0

[Event "Mondiale Lampo FIDE 2019"]
[Site "Mosca"]
[Date "30.12.2019"]
[Round "15.36"]
[White "Iturrizaga Bonelli, Eduardo"]
[Black "Inarkiev, Ernesto"]
[Result "0-1"]
[WhiteTitle "GM"]
[BlackTitle "GM"]
[WhiteElo "2597"]
[BlackElo "2663"]
[WhiteFideId "3901211"]
[BlackFideId "4162722"]
[EventDate "2019.12.29"]

1. c4 e6 2. Nf3 d5 3. e3 Nf6 4. b3 Bd6 5. Bb2 O-O 6. Rg1 c5 7. g4 Nc6 8. g5 Ne8
9. cxd5 exd5 10. Nc3 Be6 11. d4 Rc8 12. a3 a6 13. dxc5 Bxc5 14. b4 Bb6 15. Na4
Ba7 16. h4 Nd6 17. h5 Re8 18. Bd3 d4 19. Qb1 g6 20. hxg6 hxg6 21. Bxg6 Nc4 22.
Rh1 Qd7 23. Bh7+ Kf8 24. Nc5 Bxc5 25. bxc5 Bd5 26. Bf5 Qc7 27. Nxd4 Qa5+ 28. Ke2
Rxe3+ 29. fxe3 Qd2+ 0-1

[Event "Mondiale Lampo FIDE 2019"]
[Site "Mosca"]
[Date "30.12.2019"]
[Round "15.37"]
[White "Sadhwani, Raunak"]
[Black "Meier, Georg"]
[Result "1/2-1/2"]
[WhiteTitle "IM"]
[BlackTitle "GM"]
[WhiteElo "2507"]
[BlackElo "2626"]
[WhiteFideId "35093487"]
[BlackFideId "4675789"]
[EventDate "2019.12.29"]

1. d4 e6 2. Nc3 d5 3. Bf4 Nf6 4. Nb5 Na6 5. e3 c6 6. Nc3 b6 7. Nf3 Bb7 8. Bd3
Nb4 9. Be2 c5 10. Nb5 Na6 11. Nc3 Nc7 12. Nb5 Na6 13. Nc3 Nc7 14. Nb5 Na6 1/2-1/2

[Event "Mondiale Lampo FIDE 2019"]
[Site "Mosca"]
[Date "30.12.2019"]
[Round "15.38"]
[White "Gelfand, Boris"]
[Black "Khusnutdinov, Rustam"]
[Result "0-1"]
[WhiteTitle "GM"]
[BlackTitle "GM"]
[WhiteElo "2684"]
[BlackElo "2491"]
[WhiteFideId "2805677"]
[BlackFideId "13701703"]
[EventDate "2019.12.29"]

1. d4 Nf6 2. c4 c5 3. Nf3 cxd4 4. Nxd4 a6 5. Nc3 d5 6. Nb3 e6 7. g3 Nc6 8. cxd5
exd5 9. Bg2 Be6 10. O-O Be7 11. Be3 O-O 12. Rc1 Rc8 13. Na4 Ne4 14. Bb6 Qd7 15.
Bc5 Bxc5 16. Nbxc5 Nxc5 17. Nxc5 Qe7 18. Qd2 Rfd8 19. Rfd1 h6 20. a3 Ne5 21. Qb4
Rc7 22. Nd3 Rxc1 23. Rxc1 Qxb4 24. Nxb4 Nc4 25. Nd3 b6 26. a4 a5 27. b3 Nd2 28.
Rc6 Nxb3 29. Rxb6 d4 30. Ne5 Nc5 31. Nc6 Nxa4 32. Ra6 Re8 33. Nxd4 Bg4 34. Rxa5
Nc3 35. f3 Be6 36. e4 Rd8 37. Nxe6 fxe6 38. Bh3 Rd1+ 39. Kf2 Rd2+ 40. Ke3 Rxh2
41. Bxe6+ Kf8 42. Ra7 Nd1+ 43. Kf4 Rh5 44. Rf7+ Ke8 45. Rxg7 Nc3 46. Bf7+ Kf8
47. Bxh5 0-1

[Event "Mondiale Lampo FIDE 2019"]
[Site "Mosca"]
[Date "30.12.2019"]
[Round "15.39"]
[White "Kamsky, Gata"]
[Black "Hansen, Eric"]
[Result "0-1"]
[WhiteTitle "GM"]
[BlackTitle "GM"]
[WhiteElo "2677"]
[BlackElo "2606"]
[WhiteFideId "2000024"]
[BlackFideId "2606771"]
[EventDate "2019.12.29"]

1. d4 Nf6 2. Nf3 g6 3. Bg5 Bg7 4. c3 d6 5. Nbd2 O-O 6. e4 h6 7. Bh4 Qe8 8. Bd3
e5 9. O-O Nh5 10. Re1 Nc6 11. dxe5 dxe5 12. b4 Bg4 13. Qc2 Nd8 14. h3 Bd7 15.
Nc4 Ba4 16. Qc1 Ne6 17. Ne3 Nef4 18. Bc4 Kh7 19. Qb2 Qc6 20. b5 Qc5 21. Qb4 Qxb4
22. cxb4 Kg8 23. Rac1 c6 24. bxc6 bxc6 25. Kh2 Rfe8 26. a3 a5 27. Bf1 axb4 28.
axb4 Bf8 29. Rb1 Bb5 30. Nc4 Ra2 31. Ra1 Rxa1 32. Rxa1 f6 33. Rb1 g5 34. Bg3 Rd8
35. Ne3 Ng7 36. Ng4 Ne8 37. Ne3 h5 38. h4 g4 39. Ne1 Nd6 40. Bxb5 cxb5 41. Rd1
Rc8 42. f3 Nc4 43. Nf5 Bxb4 44. fxg4 hxg4 45. Nc2 Nb2 46. Rd7 Rxc2 47. Nh6+ Kf8
48. Bxf4 exf4 49. Nxg4 Nc4 50. Nxf6 Bc3 51. Nd5 Be5 52. Kh3 Ne3 53. Re7 Rc1 54.
Nxe3 fxe3 55. Rxe5 e2 0-1

[Event "Mondiale Lampo FIDE 2019"]
[Site "Mosca"]
[Date "30.12.2019"]
[Round "15.40"]
[White "Jakovenko, Dmitry"]
[Black "Gajewski, Grzegorz"]
[Result "1-0"]
[WhiteTitle "GM"]
[BlackTitle "GM"]
[WhiteElo "2698"]
[BlackElo "2626"]
[WhiteFideId "4122356"]
[BlackFideId "1116207"]
[EventDate "2019.12.29"]

1. e4 c5 2. Nf3 e6 3. d4 cxd4 4. Nxd4 a6 5. Bd3 Bc5 6. Nb3 Be7 7. Qg4 g6 8. Qe2
d6 9. a4 Nd7 10. O-O Qc7 11. Nc3 Ne5 12. h3 Bd7 13. a5 Nf6 14. Bh6 Nh5 15. Rad1
Bc6 16. Qe3 Nxd3 17. cxd3 e5 18. d4 Rd8 19. Nd5 Bxd5 20. exd5 f5 21. dxe5 dxe5
22. Rfe1 Kf7 23. g4 Nf6 24. gxf5 gxf5 25. Qxe5 Rhg8+ 26. Kh1 Qxe5 27. Rxe5 Ne4
28. Rxf5+ Kg6 29. Rf4 Nxf2+ 30. Rxf2 Kxh6 31. Nd4 Bc5 32. Nf5+ Kh5 33. Rf3 Rde8
34. d6 Ref8 35. d7 Bb4 36. Rd5 Kg6 37. Rg3+ Kf6 38. Rxg8 Rxg8 39. d8=Q+ Rxd8 40.
Rxd8 Kxf5 41. Rd7 Bxa5 42. Rxb7 1-0

[Event "Mondiale Lampo FIDE 2019"]
[Site "Mosca"]
[Date "30.12.2019"]
[Round "15.41"]
[White "Pigusov, Evgeny"]
[Black "Postny, Evgeny"]
[Result "0-1"]
[WhiteTitle "GM"]
[BlackTitle "GM"]
[WhiteElo "2555"]
[BlackElo "2605"]
[WhiteFideId "4100514"]
[BlackFideId "2804344"]
[EventDate "2019.12.29"]

1. Nf3 d5 2. g3 Nd7 3. d4 b5 4. Bg2 Bb7 5. O-O e6 6. c3 c5 7. a4 b4 8. dxc5 Bxc5
9. cxb4 Bxb4 10. Qd4 Bf8 11. b4 Be7 12. Ra2 Bf6 13. Qd1 Ne7 14. Bb2 O-O 15. Bxf6
Nxf6 16. Ne5 Qd6 17. Qd4 Nf5 18. Qb2 Rfc8 19. Nd2 Ne4 20. Nxe4 dxe4 21. b5 Bd5
22. Raa1 h5 23. Nc6 Bxc6 24. bxc6 Qxc6 25. Qb5 Qxb5 26. axb5 Nd4 27. Bxe4 Nxe2+
28. Kg2 Rab8 29. Bd3 Nc3 30. Rxa7 Nxb5 31. Bxb5 Rxb5 32. Ra2 g5 33. Rfa1 Kg7 34.
Ra5 Rxa5 35. Rxa5 Kg6 36. h3 Rc4 37. Ra6 Kf5 38. Ra5+ e5 39. f3 Rc2+ 40. Kg1 f6
41. Ra6 h4 42. gxh4 Kf4 43. hxg5 Kg3 44. Kf1 fxg5 45. Rg6 Kxf3 46. Ke1 Rg2 47.
Rf6+ Ke3 48. Kf1 Rg3 49. Rg6 e4 50. Rg8 Rf3+ 51. Ke1 Rxh3 0-1

[Event "Mondiale Lampo FIDE 2019"]
[Site "Mosca"]
[Date "30.12.2019"]
[Round "15.42"]
[White "Fridman, Daniel"]
[Black "Harsha, Bharathakoti"]
[Result "1-0"]
[WhiteTitle "GM"]
[BlackTitle "GM"]
[WhiteElo "2616"]
[BlackElo "2523"]
[WhiteFideId "11600454"]
[BlackFideId "5078776"]
[EventDate "2019.12.29"]

1. d4 d5 2. Nf3 Nf6 3. c4 e6 4. g3 dxc4 5. Bg2 c6 6. Ne5 Bb4+ 7. Nc3 Nd5 8. Bd2
b5 9. O-O a5 10. a4 Bxc3 11. bxc3 O-O 12. e4 Ne7 13. Qb1 Ba6 14. Rd1 Nd7 15.
axb5 Bxb5 16. Ng4 a4 17. Bc1 Re8 18. Ba3 Qc7 19. f4 Rab8 20. Qc1 c5 21. Qe3 cxd4
22. cxd4 Nb6 23. Rac1 Bc6 24. Ne5 Ba8 25. Bc5 Nc6 26. Nxc4 Nxc4 27. Rxc4 Rb3 28.
Qc1 Qa5 29. d5 exd5 30. exd5 Nb8 31. Bf2 Nd7 32. Rc7 Nf6 33. d6 Bxg2 34. Kxg2
Qa8+ 35. Qc6 Qa5 36. Rc8 Rb8 37. Qxe8+ Nxe8 38. Rxb8 1-0